000 00493nam a2200169 a 4500
005 20140412111314.0
008 010327s19uu xx 00 eng d
020 _a0-13-097981-3
050 _aM 004
_bL848 1994
100 _aLong, Larry
245 _aIntroduction to computers and information processing /
_cLarry Long.
250 _a4th Ed.
260 _aManila, Philippines :
_bGlobal Publishing,
_c1994.
300 _a462 p. ; A-I p.
650 _aComputer processing
999 _c104170
_d104170